000 01098nam a22003377a 4500
001 000046641
003 CHAP
005 20220817042450.0
008 971013s r 00010 d
010 _a45582
011 _a46554
035 _a50695
040 _cCHAP
090 _aFolleto 7617
110 2 _aUACH. Departamento de Sociología Rural
245 1 0 _aMaestría en sociología rural.
260 _a(Chapingo, Méx.) :
_bDepartamento de Sociologpia Rural,
_c198-?
300 _a20 p.
590 _aBATCH-UPD
_b10
_c20130110
_lUCH01
_h2148
590 _aBATCH-UPD
_b10
_c20130410
_lUCH01
_h1456
590 _aBATCH-UPD
_b10
_c20130914
_lUCH01
_h2029
590 _aCONVERSION
_b10
_c20130109
_lUCH01
_h1325
590 _aE5995AHE
_b05
_c20150204
_lUCH01
_h1313
650 1 4 _aSociología rural
_xEstudio y enseñanza.
_9108230
901 _aBK
942 _cFOLL
942 _n0
949 _aFolleto 7617
_bBC
_cFOLL
_d-113826
_eTS1
_i50695
_si
949 _aFolleto 7617
_bBC
_cFOLL
_d-113827
_eTS2
_fc.2
_i50695
_si
949 _aFolleto 7617
_bBC
_cFOLL
_d33724002133868
_eTS2
_fc.3
_gI.c/e
_i50695
_sb
999 _c45582
_d45582